000 00651nam a22002537a 4500
001 BS2023000587
003 BR-BrBNA
005 20231211150615.0
008 231211b bl.||||| |||| 00| 0 por d
020 _a978-85-93876-21-9
040 _aBR-BrBNA
_bpor
041 _apor
072 _aB32
100 _4aut.
_aBayet, Charles
245 _aArte Bizantina /
_cCharles Bayet
260 _aSão Paulo :
_bFolha de São Paulo,
_c2017.
300 _a72 p. ;
_bil.
650 _aARTE BIZANTINA
650 _aARTE CRISTÃ - EUROPA
650 _aARTE - HISTÓRIA
909 _a202312
_bAna Lívia
942 _cBK
999 _c259948
_d259948